Bohemian Rhapsody /

La pellicola ripercorre i primi quindici anni del gruppo rock dei Queen, dalla nascita della band nel 1970 fino al concerto Live Aid del 1985.

Guardado en:
Detalles Bibliográficos
Autores principales: Mercury, Freddie (Compositor), May, Brian, (1947- ) (Compositor), Taylor, Roger, (1949- batterista dei Queen) (Compositor)
Autor Corporativo: Queen (gruppo musicale) (Compositor)
Otros Autores: Morgan, Peter, (1963- ) (Animador de pantalla), Sigel, Newton Thomas (Fotógrafo), Boynton, Lucy (Actor), Singer, Bryan (Director), Mazzello, Joseph (attore) (Actor), Hardy, Ben (Actor), Lee, Gwilym (Actor), McCarten, Anthony (Animador de pantalla), Malek, Rami (Actor)
Formato: Tesis Deslizar
Lenguaje:italiano
inglés
Publicado: Italia : Warner Bros. entertainment [distributore], ©2019
Etiquetas: Agregar Etiqueta
Sin Etiquetas, Sea el primero en etiquetar este registro!

MARC

LEADER 00000ngm a2200000 i 4500
001 IT\ICCU\MOD\1694636
003 ItRI
005 20260124182904.0
008 190429s2019 it |||||||||||||||k|||||c
024 3 1 |a 5051891166998 
028 4 2 |a 1000739993 
028 4 2 |a 5000259612 
040 |b ita 
041 7 |a ita  |a eng  |2 ISO-639-2 
082 |a 791.43  |9 CINEMA  |2 21 
130 0 |a Bohemian rhapsody <film ; 2018>  |3 IT\ICCU\RAV\2092434 
245 0 0 |a Bohemian Rhapsody /  |c directed by Bryan Singer ; screenplay by Anthony McCarten ; story by Anthony McCarten and Peter Morgan ; director of photography Newton Thomas Sigel ; executive music producers Brian May, Roger Taylor. 
260 |a Italia :  |b Warner Bros. entertainment [distributore],  |c ©2019 
300 |a 1 DVD-Video (circa 129 min) :  |b color., sonoro ;  |c in contenitore, 19 cm 
500 |a Caratteristiche tecniche: codice area 2; sistema e formato video: PAL, 2.39:1, 16/9; formato audio: Dolby digital 5.1; DVD 9 singola faccia doppio strato 
500 |a Titolo del contenitore 
500 |a Film del 2018, produzione Stati Uniti/Gran Bretagna 
500 |a Interpreti: Rami Malek, Lucy Boynton, Gwylim Lee, Ben Hardy, Joe Mazzello 
500 |a Lingue e sottotitoli: italiano, inglese - Contenuti speciali: l'inedita versione integrale dell'esibizione al Live Aid 
502 |a Contenuti extra: L'inedita versione integrale dell'esibizione al Live Aid 
520 |a La pellicola ripercorre i primi quindici anni del gruppo rock dei Queen, dalla nascita della band nel 1970 fino al concerto Live Aid del 1985. 
700 1 |a Mercury, Freddie  |0 IT\ICCU\CFIV\194607  |4 cmp 
700 1 |a Morgan, Peter,  |d  (1963- )  |0 IT\ICCU\ISTV\012755  |4 sce 
700 1 |a May, Brian,  |d  (1947- )  |0 IT\ICCU\LO1V\133277  |4 cmp 
700 1 |a Sigel, Newton Thomas  |0 IT\ICCU\LO1V\301614  |4 pht 
700 1 |a Boynton, Lucy  |0 IT\ICCU\MODV\662902  |4 act 
700 1 |a Singer, Bryan  |0 IT\ICCU\RAVV\099401  |4 drt 
700 1 |a Mazzello, Joseph  |c  (attore)  |0 IT\ICCU\RAVV\340779  |4 act 
700 1 |a Hardy, Ben  |0 IT\ICCU\RAVV\692193  |4 act 
700 1 |a Lee, Gwilym  |0 IT\ICCU\RAVV\692194  |4 act 
700 1 |a McCarten, Anthony  |0 IT\ICCU\REAV\096927  |4 sce 
700 1 |a Taylor, Roger,  |d  (1949-  |c batterista dei Queen)  |0 IT\ICCU\RT1V\011724  |4 cmp 
700 1 |a Malek, Rami  |0 IT\ICCU\UBOV\384041  |4 act 
710 2 |a Queen (gruppo musicale)  |0 IT\ICCU\VEAV\016967  |4 cmp 
790 1 |a Bulsara, Frederick  |3 IT\ICCU\CFIV\228524  |z Mercury, Freddie 
790 1 |a Singer, Brian  |3 IT\ICCU\RAVV\682733  |z Singer, Bryan 
790 1 |a Taylor, Roger Meddows  |3 IT\ICCU\RT1V\011725  |z Taylor, Roger (1949- ; batterista dei Queen) 
942 |2 ddc  |c VM  |n 0 
952 |0 0  |1 0  |4 0  |6 VO_2370_000000000000000  |7 0  |9 27599  |a BO  |b BO  |d 2026-01-24  |i 19167  |l 0  |o VO 2370  |p BO19167  |r 2026-01-24 18:29:04  |w 2026-01-24  |x [Sebina 7] [1 dvd]  |y VM  |z 1 dvd 
999 |c 23387  |d 23387